Diagnóstico clínico para el laboratorio / (Record no. 135264)

MARC details
000 -LEADER
campo de control de longitud fija 00707nam a2200193 i 4500
001 - NÚMERO DE CONTROL
campo de control 135264
003 - IDENTIFICADOR DE NÚMERO DE CONTROL
campo de control ES-MaACL
005 - FECHA Y HORA DE LA ÚLTIMA TRANSACCIÓN
campo de control 20230906194838.0
007 - CAMPO FIJO DE DESCRIPCIÓN FÍSICA--INFORMACIÓN GENERAL
campo de control de longitud fija t|
008 - DATOS DE LONGITUD FIJA--INFORMACIÓN GENERAL
campo de control de longitud fija 070713s1943 sp ||||1| spa d
100 1# - ENTRADA PRINCIPAL--NOMBRE DE PERSONA
Nombre de persona Todd, James Campbell.
9 (RLIN) 110401
245 10 - MENCIÓN DEL TÍTULO
Título Diagnóstico clínico para el laboratorio /
Mención de responsabilidad, etc. por James Campbell Todd y Arthur Hawley Sanford ; traducción de la novena edición americana por J. González Campo de Cos.
250 ## - MENCION DE EDICION
Mención de edición 2ª ed. rev. y amp.
260 ## - PUBLICACIÓN, DISTRIBUCIÓN, ETC.
Lugar de publicación, distribución, etc. Madrid :
Nombre del editor, distribuidor, etc. Manuel Marín y G. Campo,
Fecha de publicación, distribución, etc. 1943.
300 ## - DESCRIPCIÓN FÍSICA
Extensión 837 :
Otras características físicas il. ;
Dimensiones 24 cm.
700 1# - ENTRADA AGREGADA--NOMBRE PERSONAL
Nombre de persona Sanford, Arthur Hawley.
9 (RLIN) 103135
700 1# - ENTRADA AGREGADA--NOMBRE PERSONAL
Nombre de persona González-Campo de Cos, José.
9 (RLIN) 58488
852 ## - LOCALIZACIÓN
Ubicación ES-MaACL
Número de control de estantería E-805
Sublocalización o colección R.20394
Holdings
Estatus retirado Estado de pérdida Estado de daño No para préstamo Biblioteca de origen Biblioteca actual Ubicación en estantería Fecha de adquisición Fuente de adquisición Total de préstamos Signatura topográfica completa Código de barras Visto por última vez Precio de reemplazo Tipo de ítem Koha
        Biblioteca del Ateneo de Madrid Biblioteca del Ateneo de Madrid Depósito 2 17/01/2008     E-805 1140786 23/02/2023 23/02/2023 Libro impreso